| 000 | 00504nam a2200157Ia 4500 | ||
|---|---|---|---|
| 008 | 170221s9999 xx 000 0 und d | ||
| 100 | _aEphraim Okoro | ||
| 245 | _aMass Communication and Sustainable Political Development in Africa: A Review of the Literature | ||
| 245 | _cEphraim Okoro | ||
| 260 | _bStudies in Media and Communication | ||
| 260 | _c2016 | ||
| 300 | _a5 : 1 | ||
| 650 | _xCommunication | ||
| 650 | _xMedia Arts | ||
| 856 | _uhttp://redfame.com/journal/index.php/smc/issue/view/21 | ||
| 999 |
_c312952 _d312952 |
||